000 00328cam a22001217a 4500
008 180718b1962 xxu||||| |||| 00| 0 eng d
082 _aB142x54 D26w
100 _aDas, R.M.
245 _aWomen in Manu and his seven commentators
_cby R.M. Das
260 _aVaranasi
_bKanchana
_c1962
300 _a288p.
650 _aWomen - India.
999 _c363657
_d363657